000 00463nab a2200145Ia 4500
003 ES-SlBCS
005 20210601131326.0
008 140529s1984 xxu||||| |||| 00| 0 fre d
041 _afre
100 1 _aMingat, Alain
_9183390
245 0 0 _aLes acquisitions scolaires de l'élève au CP. Les origines des différences?
_c Alain Mingat
650 0 4 _aEducación
_986687
773 0 _tRevue Française de Pedagogie
_gnº. 69, 1984, págs. 49-64
_wRev888
942 _cAR
999 _c561294
_d561294